Miguel de Molinos (Record no. 115001)

MARC details
000 -LEADER
campo de control de longitud fija 00791nam a2200241 i 4500
001 - NÚMERO DE CONTROL
campo de control 115001
003 - IDENTIFICADOR DE NÚMERO DE CONTROL
campo de control ES-MaACL
005 - FECHA Y HORA DE LA ÚLTIMA TRANSACCIÓN
campo de control 20250903072443.0
007 - CAMPO FIJO DE DESCRIPCIÓN FÍSICA--INFORMACIÓN GENERAL
campo de control de longitud fija t|
008 - DATOS DE LONGITUD FIJA--INFORMACIÓN GENERAL
campo de control de longitud fija 070216q19301939sp ||||1| spa d
080 ## - NÚMERO DE LA CLASIFICACIÓN DECIMAL UNIVERSAL
Número de la Clasificación Decimal Universal 929 Molinos, Miguel de
080 ## - NÚMERO DE LA CLASIFICACIÓN DECIMAL UNIVERSAL
Número de la Clasificación Decimal Universal 24 Molinos, Miguel de
100 1# - ENTRADA PRINCIPAL--NOMBRE DE PERSONA
Nombre de persona Entrambasaguas, Joaquín de,
Fechas asociadas al nombre 1904-1995
9 (RLIN) 47309
245 10 - MENCIÓN DEL TÍTULO
Título Miguel de Molinos
Resto del título : siglo XVII /
Mención de responsabilidad, etc. Joaquín de Entrambasaguas.
260 ## - PUBLICACIÓN, DISTRIBUCIÓN, ETC.
Lugar de publicación, distribución, etc. Madrid :
Nombre del editor, distribuidor, etc. Aguilar,
Fecha de publicación, distribución, etc. [1935?]
300 ## - DESCRIPCIÓN FÍSICA
Extensión 239 p. ;
Dimensiones 17 cm.
490 1# - MENCIÓN DE SERIE
Mención de serie Biblioteca de la cultura española ;
Designación de volumen o secuencia 5
500 ## - NOTA GENERAL
Nota general Retrato de Miguel de Molinos.
600 14 - PUNTO DE ACCESO ADICIONAL DE MATERIA--NOMBRE DE PERSONA
Nombre de persona Molinos, Miguel de (
Fechas asociadas al nombre 1628-1696)
9 (RLIN) 82014
830 00 - PUNTO DE ACCESO ADICIONAL DE SERIE-TÍTULO UNIFORME
Título uniforme Biblioteca de la cultura española
Designación de volumen o secuencia 5
9 (RLIN) 185912
852 ## - LOCALIZACIÓN
Ubicación ES-MaACL
Número de control de estantería C-23170
Holdings
Estatus retirado Estado de pérdida Estado de daño No para préstamo Biblioteca de origen Biblioteca actual Ubicación en estantería Fecha de adquisición Fuente de adquisición Total de préstamos Signatura topográfica completa Código de barras Visto por última vez Precio de reemplazo Tipo de ítem Koha
        Biblioteca del Ateneo de Madrid Biblioteca del Ateneo de Madrid Depósito 2 17/01/2008     C-23170 1119922 23/02/2023 23/02/2023 Libro impreso